000 00591nam a2200169 i 4500
001 134603
003 ES-MaACL
007 t|
008 070912s1972 sp ||||1| spa d
100 1 _aWedlock, Bruce D.
_9116289
245 1 0 _aComponentes electrónicos y mediciones /
_cBruce D. Wedlock, James K. Roberge ; traducción y adaptación Bartolomé Fabián-Frankel.
260 _aMadrid :
_bPrentice-Hall,
_c[1972]
300 _aXIV, 333 p. :
_bil. ;
_c24 cm.
700 1 _aRoberge, James K.
_997794
700 1 _aFabián-Frankel, Bartolomé.
_948513
852 _aES-MaACL
_jE-7520
_bR.91761
999 _c134603
_d134603